Non Destructive testing, 2/e (Record no. 311784)

000 -LEADER
fixed length control field 00229 a2200109 4500
001 - CONTROL NUMBER
control field 76711
090 ## - LOCALLY ASSIGNED LC-TYPE CALL NUMBER (OCLC); LOCAL CALL NUMBER (RLIN)
-- 39230
-- 39230
100 ## - MAIN ENTRY--PERSONAL NAME
Personal name Halshaw Hall
245 ## - TITLE STATEMENT
Title Non Destructive testing, 2/e
250 ## - EDITION STATEMENT
Edition statement 2
260 ## - PUBLICATION, DISTRIBUTION, ETC.
Place of publication, distribution, etc. UK
Name of publisher, distributor, etc. ELBS
942 ## - ADDED ENTRY ELEMENTS (KOHA)
Institution code [OBSOLETE] NUST-CAE
Call number prefix 620.1127 HAL
Holdings
Withdrawn status Lost status Damaged status Not for loan Collection code Permanent Location Current Location Date acquired Total Checkouts Full call number Barcode Date last seen Price effective from Koha item type
          College of Aeronautical Engineering (CAE) College of Aeronautical Engineering (CAE) 04/03/2017   620.1127 HAL CAE67852 04/05/2017 04/05/2017 Book
© 2023 Central Library, National University of Sciences and Technology. All Rights Reserved.